000 00408nam a2200157Ia 4500
008 230312s9999||||xx |||||||||||||| ||und||
020 _a1-886039-45-3
082 _a658.84
_bYAR-N
100 _aRene Reid Yarnell
245 0 _aNew Entrepreneurs
260 _bA Quantum Leap
_aNew York
_c1999
300 _a275
546 _aEng.
650 _aManagement
_vCorporate Stress Drives Professional Out
942 _cBK
999 _c259
_d259